000
00318nam a2200133Ia 4500
008
210210b2000 xxu||||| |||| 00| 0 eng d
082
_a
425 KRIM
100
_a
KRISHNASWAMY (N).
245
_a
Modern english grammar.
260
_a
_b
Not Mentioned
_c
2000
300
_a
56
690
_a
English Grammar
906
_a
037552
999
_c
88015
_d
88015